Soldering for electronic assemblies (Record no. 68100)

000 -LEADER
fixed length control field 00435nam a22001697a 4500
003 - CONTROL NUMBER IDENTIFIER
control field NUST - PNEC
005 - DATE AND TIME OF LATEST TRANSACTION
control field 20170116181041.0
008 - FIXED-LENGTH DATA ELEMENTS--GENERAL INFORMATION
fixed length control field 150922b xxu||||| |||| 00| 0 eng d
020 ## - INTERNATIONAL STANDARD BOOK NUMBER
International Standard Book Number 082477681X
040 ## - CATALOGING SOURCE
Transcribing agency LIBRARY
082 ## - DEWEY DECIMAL CLASSIFICATION NUMBER
Classification number 621.381 LAM
100 ## - MAIN ENTRY--PERSONAL NAME
9 (RLIN) 11599
Personal name Lambert, Leo P
245 ## - TITLE STATEMENT
Title Soldering for electronic assemblies
Statement of responsibility, etc. Leo P Lambert
260 ## - PUBLICATION, DISTRIBUTION, ETC.
Date of publication, distribution, etc. c 1988
650 ## - SUBJECT ADDED ENTRY--TOPICAL TERM
9 (RLIN) 11368
Topical term or geographic name entry element Printed circuits
General subdivision EL
942 ## - ADDED ENTRY ELEMENTS (KOHA)
Source of classification or shelving scheme
Koha item type Book
Holdings
Withdrawn status Lost status Source of classification or shelving scheme Damaged status Not for loan Permanent Location Current Location Shelving location Date acquired Total Checkouts Full call number Barcode Date last seen Price effective from Koha item type
          Pakistan Navy Engineering College (PNEC) Pakistan Navy Engineering College (PNEC)       621.381 LAM PNECLIB-012033 09/22/2015   Book
© 2023 Central Library, National University of Sciences and Technology. All Rights Reserved.